000 00354pab a2200145 454500
008 180718b1984 xxu||||| |||| 00| 0 eng d
100 _aTibor, G.J.
245 _aIndia
_bConcepts for the future in irrigation planning
260 _c1984
300 _a19-23
362 _aJan.
650 _aIrrigation - India
773 _aITCC Review
909 _a11414
999 _c11414
_d11414